Vstup do EÚ nie je iba uzatváranie prístupových kapitol

Slovensko rieši dve navzájom spojené úlohy - transformácia hospodárstva a vstup do EÚ. Cesta konvergencie Slovenska k vyspelým členským krajinám únie je najnáročnejšia - hrozivé regionálne rozdiely, rozdiely vo výkonnosti hospodárstva SR, výkonnosť práce je nízka. Dôsledky vstupu SR do EÚ. Dôležitý...

ver descrição completa

Na minha lista:
Detalhes bibliográficos
Autor principal: Dančo, Jozef
Formato: Capítulo de Livro
Idioma:eslovaco
Assuntos:
Tags: Adicionar Tag
Sem tags, seja o primeiro a adicionar uma tag!

MARC

LEADER 00000naa a2200000 4500
001 r044622
005 20230925125559.6
041 0 |a slo 
044 |a SK 
245 1 0 |a Vstup do EÚ nie je iba uzatváranie prístupových kapitol  |c Jozef Dančo 
520 |a Slovensko rieši dve navzájom spojené úlohy - transformácia hospodárstva a vstup do EÚ. Cesta konvergencie Slovenska k vyspelým členským krajinám únie je najnáročnejšia - hrozivé regionálne rozdiely, rozdiely vo výkonnosti hospodárstva SR, výkonnosť práce je nízka. Dôsledky vstupu SR do EÚ. Dôležitý je jednotný daňový systém. Zvýši sa cena pôdy. 
610 2 0 |a integrácia ekonomická medzinárodná 
610 2 0 |a transformácia 
610 2 0 |a výkonnosť 
610 2 0 |a produkt domáci hrubý 
610 2 0 |a produktivita práce 
610 2 0 |a systémy daňové 
610 2 0 |a cena pôdy 
610 2 0 |a Európska únia 
610 2 0 |a Slovensko 
100 1 |a Dančo, Jozef